| 000 | 00325nam a22001217a 4500 | ||
|---|---|---|---|
| 082 |
_a621.822 _bMAG _cL-13, P-92 |
||
| 100 |
_aSchweitzer,G. _941940 |
||
| 245 |
_aMagnetic Bearing _cSchweitzer,G. |
||
| 260 |
_c1988 _aTokyo. _bSpringer.: |
||
| 300 |
_a390p. _bill. |
||
| 526 |
_a0 _b0 _c0 _d621_822000000000000_MAG |
||
| 942 |
_2ddc _cBK |
||
| 999 |
_c545957 _d545957 |
||